000
00276nam a2200109Ia 4500
001
1276006
005
20260417160439.0
008
260417s9999 xx 000 0 und d
020
_a
9786255998071
245
0
_a
Annemin Kanatları Altında
_c
Xu Dainan
260
_b
Ketebe Çocuk
999
_c
1276006
_d
1276006